000 00360pam a2200157a 44500
008 230515b1987 xxu||||| |||| 00| 0 eng d
020 _aNULL
041 _aENGL
082 _a8536 /WAL
100 _aWALSKI T.M.
245 _aANALYSIS OF WATER DISTRIBUTION SYSTEMS
250 _aN.D.
260 _aNULL
_bC.B.S
_c1987
300 _a275 PB
650 _aNULL
999 _c622344
_d622344